000 00677nam a2200265Ia 4500
005 20260121165846.0
008 008 260114s9999 xx 000 0 eng d
020 _a9783319305585
037 _aEBOOK
040 _aCRL
040 _beng
040 _cCRL
041 _2eng
041 _aeng
084 _qCRL
100 _aMariagrazia Fugini, Enrico Bracci, Mariafrancesca Sicilia
_91056913
245 0 _aCo-production in the Public Sector
260 _bSpringer
260 _bSpringer
260 _c2016
856 _uhttps://link.springer.com/openurl?genre=book&isbn=978-3-319-30558-5
942 _cEBOOK
999 _c1622641
_d1622641